书目信息 |
| 题名: |
论演出的艺术完整性
|
|
| 作者: | 波波夫 , Попов 著 ;张守慎 译 | |
| 分册: | ||
| 出版信息: | 北京 中国戏剧出版社 1982 |
|
| 页数: | 293页 | |
| 开本: | 20cm | |
| 丛书名: | 中央戏剧学院戏剧艺术丛书 | |
| 单 册: | ||
| 中图分类: | J811 | |
| 科图分类: | ||
| 主题词: | 导演学 | |
| 电子资源: | ||
| ISBN: | ||
| 000 | 00782nam0 2200265 45 | |
| 001 | 0182000021 | |
| 005 | 20070731085227.43 | |
| 010 | @dCNY1.20 | |
| 091 | @aCN@b8069.197 | |
| 100 | @a19960215d1982 em y0chiy0121 ea | |
| 101 | 1 | @achi@crus |
| 102 | @aCN@b110000 | |
| 105 | @af z 000yy | |
| 200 | 10 | @a论演出的艺术完整性@Alun yan chu de yi shu wan zheng xing@f(苏)波波夫(Попов,А.)著@g张守慎译 |
| 210 | @a北京@c中国戏剧出版社@d1982 | |
| 215 | @a293页@c剧照@d20cm | |
| 225 | 2 | @a中央戏剧学院戏剧艺术丛书 |
| 410 | 0 | @120010@a中央戏剧学院戏剧艺术丛书 |
| 606 | @a导演学 | |
| 690 | @aJ811@v3 | |
| 701 | 1 | @a波波夫@Abo bo fu@bА.@4著 |
| 701 | A1 | @aПопов@bА.@4著 |
| 702 | 0 | @a张守慎@Azhang shou shen@4译 |
| 801 | 0 | @aCN@bTSSF@c20070731 |
| 905 | @a10447@dJ811@e53 | |
| 论演出的艺术完整性/(苏)波波夫(Попов,А.)著/张守慎译.-北京:中国戏剧出版社,1982 |
| 293页:剧照;20cm.-(中央戏剧学院戏剧艺术丛书) |
| ISBN :CNY1.20 |
| ● |
| 相关链接 |
|
|
|
|
正题名:论演出的艺术完整性
索取号:J811/53
 
预约/预借
| 序号 | 登录号 | 条形码 | 馆藏地/架位号 | 状态 | 备注 |
| 1 | 0466744 | 204667440 | 密集书库/ [索取号:J811/53] | 在馆 | |
| 2 | 0466745 | 204667459 | 密集书库/ [索取号:J811/53] | 在馆 | |
| 3 | 0786800 | 207868002 | 密集书库/ [索取号:J811/53] | 在馆 |